00755 a2200133 4500003000500000005001700005040000900022082001200031100002200043245008700065260003200152300001800184505041900202NUST20221202144100.0 cNust a537,PUR aEdward M. Purcell aElectricity and magnetism :bBerkeley physics course-volume-2 /cEdward M. Purcell aNew YorkbMcGraw-Hillc1972 axviii,459 p.: aElectrostatics: Charges and Fields (Page-2), The Electronic Potential (Page-36), Electric Field around Conductors (Page-80), Electric Currents (Page-110), The Fields of Moving Charges (Page-148), The Magnetic Field (Page-184), Electromagnetic Induction and Maxwell’s Equations (Page-226), Alternating –current Circuits (Page-274), Electric Fields in Matter (Page-298), Magnetic Fields in Matter (Page-352).